000 00881nam a2200265 a 4500
001 BRCA_4455
005 20190320204657.0
008 060910s1909----enka######---#000-0#eng-#
041 _aeng
044 _aenk
050 4 _aDP17
_b.C35 3
_c1909
100 1 _aCalvert, Albert F.
_d1872-1946
_911284
245 1 0 _aMadrid
_bAn historical description and handbook of the Spanish capital
_cBy Albert F. Calvert.
260 _aNueva York: Londres
_bJonh Lane, The Bodley Head
_c1909
300 _axxvii, 169p. (v.3)
_bil., 453 láminas
_c20 cm.
440 0 _aThe spanish series
_v3
_911285
500 _aIncluye índice de ilustraciones
500 _aCon ex-libris de : John Firweather
500 _aCEO6
651 4 _aMadrid
_xDescripción
_911286
651 4 _aMadrid
_xGuía de viajeros
_911287
651 4 _aEspaña
_xDescripción y viajes
_97912
902 _aGFM
942 _2lcc
_cB
999 _c4161
_d4161